000 00556nam a2200193 a 4500
001 1771588832350
003 YourLibrary
005 20260220173229.0
008 260220s2007##################000#0#eng##
020 _a9783039111947
082 0 4 _a320.22440952
_bFOR.12
100 1 _aFröhlich, Judith,
_eauthor.
245 1 0 _aRulers, Peasants and the Use of the Written Word in Medieval Japan :
260 _bPeter Lang,
_c2007.
300 _a230 pages
650 0 _aForeign Language Study.
942 _cENGLISH
040 _aYourLibrary
_beng
_cYourLibrary
999 _c614637
_d614637